Statistics for Interior Offensive Lineman prospects of the 2024 NFL Draft

Click here to take the quiz!

General Stats

  • This quiz has been taken 14 times
  • The average score is 31 of 60

Answer Stats

PositionCollegeName% Correct
GuardDukeGraham Barton
100%
CenterOregonJackson Powers-Johnson
100%
CenterWest VirginiaZach Frazier
91%
GuardKansasDominick Puni
82%
CenterGeorgiaSedrick van Pran
82%
GuardTCUBrandon Coleman
73%
GuardUConnChristian Haynes
73%
GuardBoston CollegeChristian Mahogany
73%
GuardKansas St.Cooper Beebe
73%
CenterArkansasBeaux Limmer
64%
CenterPenn St.Hunter Nourzad
64%
GuardSouth Dakota St.Mason McCormick
64%
GuardMichiganZak Zinter
64%
GuardHoly CrossCJ Hanson
55%
CenterMichiganDrake Nugent
55%
GuardKansas St.KT Leveston
55%
GuardMichiganLadarius Henderson
55%
GuardMichiganTrevor Keegan
55%
CenterOklahomaAndrew Raym
45%
GuardArkansasBrady Latham
45%
CenterAppalachian St.Bucky Williams
45%
CenterLSUCharles Turner III
45%
GuardMarylandDelmar Glaze
45%
GuardSouth FloridaDonovan Jennings
45%
GuardWest VirginiaDoug Nester
45%
CenterNC St.Dylan McMahon
45%
GuardUTEPElijah Klein
45%
GuardIllinoisIsaiah Adams
45%
CenterDukeJacob Monk
45%
GuardNorth Dakota St.Jalen Sundell
45%
GuardUSCJarrett Kingston
45%
GuardUtahKeaton Bills
45%
CenterFloridaKingsley Eguakun
45%
GuardBoston CollegeKyle Hergel
45%
GuardTexas A&MLayden Robinson
45%
GuardOhio St.Matthew Jones
45%
CenterMiami (FL)Matt Lee
45%
CenterWake ForestMichael Jurgens
45%
CenterSouth CarolinaNick Gargiulo
45%
CenterMichigan St.Nick Samac
45%
GuardTulanePrince Pines
45%
GuardUtahSataoa Laumea
45%
GuardOregonSteven Jones
45%
CenterWisconsinTanor Bortolini
45%
GuardMichiganTrente Jones
45%
GuardTCUWillis Patrick
45%
GuardMiami (FL)Xavion Cohen
45%
GuardLibertyX'Zauvea Gadlin
45%
GuardDominican RepublicBayron Matos
36%
CenterLouisvilleBryan Hudson
36%
GuardMarshallDalton Tucker
36%
CenterAlabamaDarrian Dalcourt
36%
GuardMarylandGottlieb Ayedze
36%
GuardNorth Dakota St.Jake Kubas
36%
GuardUSCJustin Dedich
36%
GuardMichiganKarsen Barnhart
36%
GuardRhode IslandLorenzo Thompson
36%
GuardCampbellMike Edwards
36%
GuardToledoNick Rosi
36%
CenterTulaneSincere Haynesworth
36%

Score Distribution

Percentile by Number Answered

Percent of People with Each Score

Your Score History

You have not taken this quiz